Birds of the Maldives - Statistics

General Stats
  • This quiz has been taken 5 times
  • The average score is 11 of 16
Answer Stats
Picture Answer % Correct
Cattle Egret
100%
European Bee-Eater
100%
Glossy Ibis
100%
Red-Footed Booby
100%
Ruddy Turnstone
100%
Common Myna
75%
Common Snipe
75%
Grey Plover
75%
Little Tern
75%
Rosy Starling
75%
Amur Falcon
50%
Greater Flamingo
50%
Indian Roller
50%
Rose-Ringed Parakeet
50%
Ruff
50%
Indian Paradise-Flycatcher
0%
No matching quizzes found
Score Distribution
Percent of People with Each Score
Percentile by Number Answered
Your Score History
You have not taken this quiz